000 00886nam0a22002291 4500
001 rc\2640202
005 20250529185522.0
035 _a(NLR Aleph) 006948203
090 _a5220630
_c5220630
100 _a20110603d1928 |||y0rusy50 ca
101 0 _arus
102 _aRU
105 _ay z |||||
200 1 _aРабочие программы и методические записки единой трудовой школы
_eВыпуск 2-й, 3-й и 4+й г.г. обучения
_e(Проект)
_eИздание БОНО-СоцВос.
210 _aБаку
_cБ. и.
_d1928
_gТип. "Красный Восток"
215 _a190 с.
_d26×17 см
710 0 2 _aБакинский городской отдел народного образования (БОНО)
801 0 _aRU
_bNLR
_gpsbo
801 1 _aRU
_bELAR
_2rusmarc
852 _aNLR
_j69/113
942 _cBOOK
980 _aNB